[Event "Comet Open Titled Winners"]
[Site "chess.com INT"]
[Date "2025.10.18"]
[Round "1.4"]
[White "Naroditsky, D."]
[Black "Bluebaum, M."]
[Result "1/2-1/2"]
[WhiteElo "2619"]
[BlackElo "2687"]
[PlyCount "111"]
[EventDate "2025.10.18"]
[EventType "k.o."]

1. d4 d5 2. c4 e6 3. Nc3 Be7 4. cxd5 exd5 5. Bf4 Nf6 6. e3 O-O 7. Bd3 c5 8. dxc5 Bxc5 9. Nf3 Nc6 10. O-O d4 11. exd4 ({RR} 11. Ne4 Nxe4 12. Bxe4 dxe3 13. Bxh7+ Kxh7 14. Qc2+ Kg8 15. Qxc5 e2 16. Rfe1 Bg4 17. Rxe2 Bxf3 18. gxf3 Nd4 19. Re4 Nxf3+ 20. Kg2 Nh4+ 21. Kh1 Rc8 22. Qg5 Qxg5 23. Bxg5 Nf5 24. Rd1 Rc2 25. Rd2 Rxd2 {Rustemov,A (2525)-Levitan,C (2295) chess.com INT 2026 1-0 (56)}) 11... Nxd4 12. Nxd4 ({RR} 12. h3 Be6 13. Be5 Nxf3+ 14. Qxf3 Bd4 15. Rfe1 Bxe5 16. Rxe5 a6 17. Rae1 Qb6 18. Rg5 h6 19. Rg3 Kh8 20. Qe2 Rad8 21. Re3 Rd4 22. a3 Rfd8 23. b4 Qc6 24. Bb1 Rd2 25. Qf3 Qxf3 26. Rxf3 Kg8 {Indjic,A (2618)-Bluebaum,M (2687) Batumi GEO 2025 ½-½ (31)}) ({RR} 12. h3 Be6 13. Be5 Nxf3+ 14. Qxf3 Bd4 15. Rfe1 Bxe5 16. Rxe5 a6 17. Rae1 Qb6 18. Rg5 h6 19. Rg3 Kh8 20. Qe2 Rad8 21. Re3 Rd4 22. a3 Rfd8 23. b4 Qc6 24. Bb1 Rd2 25. Qf3 Qxf3 26. Rxf3 Kg8 {Indjic,A (2618)-Bluebaum,M (2687) Batumi GEO 2025 ½-½ (31)}) 12... Bxd4 13. Qc2 Be6 $146 ({RR} 13... Bd7 14. Rad1 Qb6 15. Qd2 Bg4 16. Be2 Bxc3 17. bxc3 Ne4 18. Bxg4 Nxd2 19. Bxd2 Rfd8 20. Be3 Qa5 21. Bf3 Rxd1 22. Rxd1 Qxa2 23. Bxb7 Rb8 24. h3 Qb3 25. Bf3 a5 26. Rc1 a4 27. c4 a3 28. c5 {Maulucci,A (1786)-Lu,A (2235) Windsor 2016 0-1 (33)}) ({RR} 13... Bg4 14. h3 Bh5 15. Bg5 h6 16. Bh4 Rc8 17. Bf5 Rc5 18. g4 Bxc3 19. bxc3 Bg6 20. Bxg6 fxg6 21. Qxg6 Rxc3 22. Rad1 Qc7 23. Bg3 Rxg3+ 24. fxg3 Qxg3+ 25. Kh1 Qxh3+ 26. Kg1 Qg3+ 27. Kh1 Qh3+ 28. Kg1 {Salimova,N (2385)-Lagno,K (2505) Samarkand UZB 2025 ½-½}) ({RR} 13... Bxc3 14. Qxc3 Nd5 15. Qc2 Nxf4 16. Bxh7+ Kh8 17. Qe4 Qg5 18. h4 Qxg2+ 19. Qxg2 Nxg2 20. Kxg2 Kxh7 21. h5 Bd7 22. Rad1 Bc6+ 23. Kg3 Rad8 24. Rde1 Rfe8 25. Rc1 Rd3+ 26. f3 Ree3 27. h6 Rxf3+ 28. Rxf3 {Demeter,D (2022)-Gurevich,D (2399) Chess.com INT 2021 0-1 (58)}) ({RR} 13... Bd7 14. Rad1 Qb6 15. Qd2 Bg4 16. Be2 Bxc3 17. bxc3 Ne4 18. Bxg4 Nxd2 19. Bxd2 Rfd8 20. Be3 Qa5 21. Bf3 Rxd1 22. Rxd1 Qxa2 23. Bxb7 Rb8 24. h3 Qb3 25. Bf3 a5 26. Rc1 a4 27. c4 a3 28. c5 {Maulucci,A (1786)-Lu,A (2235) Windsor 2016 0-1 (33)}) ({RR} 13... Bxc3 14. Qxc3 Nd5 15. Qc2 Nxf4 16. Bxh7+ Kh8 17. Qe4 Qg5 18. h4 Qxg2+ 19. Qxg2 Nxg2 20. Kxg2 Kxh7 21. h5 Bd7 22. Rad1 Bc6+ 23. Kg3 Rad8 24. Rde1 Rfe8 25. Rc1 Rd3+ 26. f3 Ree3 27. h6 Rxf3+ 28. Rxf3 {Demeter,D (2022)-Gurevich,D (2399) Chess.com INT 2021 0-1 (58)}) 14. Rad1 Qb6 15. Na4 Qa5 16. Bxh7+ Nxh7 17. Rxd4 Rac8 18. Nc3 b5 19. a3 Rfd8 20. Rxd8+ Qxd8 21. Rd1 Qf6 22. Qd2 Nf8 23. Ne4 Qg6 24. f3 Bf5 25. Nc3 Ne6 26. Be3 a5 27. Nd5 Re8 28. Qxa5 Kh7 29. Qxb5 Bh3 30. Qf1 Rd8 31. Kh1 Qf5 32. Qd3 Qxd3 33. Rxd3 Bf5 34. Rd2 Rc8 35. Nc3 Rb8 36. Kg1 g5 37. Kf2 Bg6 38. b4 Rc8 39. Nd5 Rc1 40. b5 Rb1 41. b6 f5 42. f4 gxf4 43. Nxf4 Nxf4 44. Bxf4 Rxb6 45. Rd7+ Kg8 46. Rd6 Rb2+ 47. Rd2 Rb3 48. Bd6 Bf7 49. Bb4 Kg7 50. Re2 Kg6 51. Re3 Rb2+ 52. Re2 Rb1 53. Re1 Rb2+ 54. Re2 Rb3 55. Re3 Rb2+ 56. Re2 1/2-1/2

[Event "FRA-chT Top 12"]
[Site "Montpellier"]
[Date "2015.05.31"]
[Round "2.1"]
[White "Riazantsev, Alexander"]
[Black "Krasenkow, Michal"]
[Result "1/2-1/2"]
[WhiteElo "2671"]
[BlackElo "2610"]
[Annotator "ChessBase II"]
[PlyCount "64"]
[EventDate "2015.05.30"]
[EventType "team-tourn"]
[EventRounds "11"]
[EventCountry "FRA"]
[SourceTitle "CBM 166 Extra"]
[Source "ChessBase"]
[SourceDate "2015.06.18"]
[SourceVersion "1"]
[SourceVersionDate "2015.06.18"]
[SourceQuality "1"]
[WhiteTeam "Metz Fischer"]
[BlackTeam "Chalons-en-champagne"]
[WhiteTeamCountry "FRA"]
[BlackTeamCountry "FRA"]

1. d4 d5 2. c4 e6 3. Nf3 c6 4. Nc3 dxc4 5. a4 Bb4 6. e4 b5 7. Be2 Bb7 8. O-O a6 9. Bd2 (9. Qc2 Nf6 10. Bg5 h6 11. Bh4 Nbd7 12. Rfd1 Qb6 13. Ne5 O-O 14. Na2 a5 15. Nxd7 Nxd7 16. b3 cxb3 17. Qxb3 bxa4 18. Qxa4 Rfb8 19. Rab1 Ba6 20. Bxa6 Qxa6 21. d5 exd5 22. exd5 Qb5 23. Qxb5 cxb5 24. Nxb4 axb4 25. Bg3 Rc8 26. Rxb4 Rc5 27. h3 Ra4 28. Rb3 b4 29. d6 Rc3 30. Rdb1 Rxb3 31. Rxb3 f5 32. Bf4 Nc5 33. Rb1 Kf7 34. Bd2 b3 35. Be3 Nb7 36. Rxb3 Nxd6 37. g3 Ne4 38. h4 Nf6 {Huebner,R (2560)-Kortschnoj,V (2625) Frankfurt 1998 ½-½}) 9... Be7 $146 (9... Nf6 10. e5 Nd5 11. Nxd5 Bxd2 12. Nf6+ gxf6 13. Qxd2 c5 14. Qe3 cxd4 15. Nxd4 fxe5 16. Qxe5 Rg8 17. g3 Nd7 18. Qe3 Rg5 19. f4 Rd5 20. Bf3 Nc5 21. f5 Qd6 22. Bxd5 Qxd5 23. Nf3 O-O-O 24. fxe6 fxe6 25. axb5 axb5 26. Rae1 b4 27. Qg5 Nd3 28. Qxd5 exd5 29. Re7 d4 30. Ne5 Nxe5 31. Rxe5 d3 32. Kf2 Kb8 33. Rb1 Rd7 34. Rc5 Rf7+ 35. Ke3 Re7+ 36. Kf4 Ba6 37. Re5 Kb7 38. Rxe7+ {1-0 (38) Dutra,A (2460)-Gates,R (2335) Lechenicher SchachServer 2010}) 10. e5 Nd7 11. Qc2 Nh6 12. Bxh6 gxh6 13. Rfd1 $146 ({RR} 13. Qd2 O-O 14. Qxh6 Kh8 15. Qh5 Kg7 16. Ne4 c5 17. Nxc5 Nxc5 18. dxc5 Bxc5 19. Rfd1 Qe7 20. Rd7 {½-½ (20) Polivanov,A (2383)-Moroni,L (2559) Batumi 2018}) 13... O-O 14. Ne4 Qc7 15. Qc1 c5 16. Nd6 Bxd6 17. exd6 Qxd6 18. dxc5 Qe7 19. b4 cxb3 20. c6 {[%cal Gc6d7,Gc6b7]} b2 $8 {La pointe} 21. Qxb2 Bxc6 22. Nd4 Bd5 23. Ra3 Qf6 24. Rg3+ Kh8 25. Bf3 Nb6 26. axb5 axb5 27. Qxb5 Nc4 28. Bxd5 Qxd4 29. Qb1 Rab8 30. Qc1 Nd2 31. h3 Rb2 32. Rg4 Qe5 1/2-1/2

[Event "45th Olympiad 2024"]
[Site "Budapest HUN"]
[Date "2024.09.20"]
[Round "9.11"]
[White "Wojtaszek, Radoslaw"]
[Black "Nguyen, Thai Dai Van"]
[Result "1/2-1/2"]
[WhiteElo "2681"]
[BlackElo "2647"]
[PlyCount "69"]
[EventDate "2024.09.11"]
[WhiteTeam "Poland"]
[BlackTeam "Czech Republic"]
[WhiteTeamCountry "POL"]
[BlackTeamCountry "CZE"]

1. d4 d5 2. c4 e6 3. Nc3 c6 4. e4 dxe4 5. Nxe4 Bb4+ 6. Bd2 Qxd4 7. Bxb4 Qxe4+ 8. Be2 Na6 9. Bd6 Qxg2 10. Bf3 Qg5 11. Ne2 Ne7 12. Ng3 ({RR} 12. Rg1 Qa5+ 13. Nc3 Nf5 14. Ba3 Bd7 15. Qd2 O-O-O 16. O-O-O e5 17. Bg4 Nd4 18. Bxd7+ Rxd7 19. Kb1 f6 20. f4 Rhd8 21. Qf2 Ne6 22. Rxd7 Rxd7 23. f5 Nf4 24. Ne4 Qd8 25. Bd6 Rxd6 26. Nxd6+ Qxd6) 12... e5 ({RR} 12... Nf5 13. Nxf5 exf5 14. Qb3 Nb8 15. Kf1 Qh6 16. c5 b5 17. cxb6 axb6 18. Re1+ Be6 19. Qxb6 Qh3+ 20. Ke2 Nd7 21. Qxc6 Rb8 22. b4 g5 23. Qc3 f6 24. Kd2 Kf7 25. Rxe6 Kxe6 26. Re1+ Kxd6 27. Qc6# {1-0 Tari,A (2635)-Maurizzi,M (2597) Djerba Masters 2024 (4.2)}) ({RR} 12... O-O 13. h4 Qa5+ 14. b4 Nxb4 15. O-O Re8 16. Qd2 c5 17. Rad1 Nf5 18. Nxf5 exf5 19. Qf4 Nc6 20. Kh1 Nd4 21. Rg1 g6 22. Bd5 Be6 23. Bxb7 Ne2 24. Qd2 Qxd2 25. Rxd2 Nxg1 26. Bxa8 Rxa8 27. Kxg1 {Nakamura,H (2810)-Sindarov,J (2745) Pegeia CYP 2026 0-1 (41)}) ({RR} 12... Qa5+ 13. b4 Nxb4 14. O-O Na6 15. Re1 Qd8 16. Qd4 c5 17. Qe5 Ng6 18. Qd4 Ne7 19. Qxg7 Rg8 20. Qc3 Rh8 21. Qd4 {½-½ (21) Kalambetov,A (2099)-Binboga,Y (2221) Cesme TUR 2026}) 13. Qe2 $146 ({RR} 13. Qb3 O-O ({RR} 13... O-O 14. h4 Qf6 15. Ne4 Qe6 16. O-O-O Re8 17. Rhg1 Nf5 18. Bh5 Nd4 19. Qd3 g6 20. f4 c5 21. fxe5 Nb4 22. Qf1 Qf5 23. Rxd4 cxd4 24. Nf6+ Kh8 25. Bxb4 Rxe5 26. Bd1 Be6 27. Bd6 Bxc4 28. Ng4) 14. h4 Qf6 15. Ne4 Qe6 16. O-O-O Re8 17. Rhg1 Nf5 18. Bh5 Nd4 19. Qd3 g6 20. f4 c5 21. fxe5 Nb4 22. Qf1 Qf5 23. Rxd4 cxd4 24. Nf6+ Kh8 25. Bxb4 Rxe5 26. Bd1 Be6 27. Bd6 Bxc4 {1-0 Abdusattorov,N (2716)-Erigaisi,A (2712) Qatar Masters Open 2023 (9.3)}) ({RR} 13. Qb3 Qh4 14. Rg1 O-O 15. Nh5 Ng6 16. Bxf8 Kxf8 17. O-O-O Be6 18. Be2 Qe7 19. Qe3 Qc5 20. Qg5 Re8 21. Rd8 Bxc4 22. Rxe8+ Kxe8 23. Kd1 Qd4+ 24. Ke1 Bxe2 25. Kxe2 Qc4+ 26. Kf3 Qd5+ 27. Ke2 Qc4+ {Iniyan,P (2586)-Adhiban,B (2534) Hyatt Regency, Chennai 2025 ½-½ (36)}) 13... Be6 14. h4 Qf4 15. Nh5 Qxc4 16. Nxg7+ Kd7 17. Bxe5 Qxe2+ 18. Bxe2 Rhf8 19. O-O-O+ Bd5 20. Rhe1 Nc5 21. Bf6 Ne6 22. Bg4 Ng8 23. Nxe6 fxe6 24. Bxe6+ Kd6 25. Bc3 Nf6 26. Bf5 Rae8 27. Rxe8 Rxe8 28. f4 Rf8 29. Be5+ Kc5 30. a3 Kb6 31. Bd4+ Kc7 32. Rg1 Nd7 33. Bxd7 Kxd7 34. Rg7+ Rf7 35. Rxf7+ 1/2-1/2

[Event "FRA-chT Top 12"]
[Site "Montpellier"]
[Date "2015.06.02"]
[Round "4.1"]
[White "Fier, Alexandr"]
[Black "Feller, Sebastien"]
[Result "1-0"]
[WhiteElo "2632"]
[BlackElo "2626"]
[Annotator "ChessBase II"]
[PlyCount "69"]
[EventDate "2015.05.30"]
[EventType "team-tourn"]
[EventRounds "11"]
[EventCountry "FRA"]
[SourceTitle "CBM 166 Extra"]
[Source "ChessBase"]
[SourceDate "2015.06.18"]
[SourceVersion "1"]
[SourceVersionDate "2015.06.18"]
[SourceQuality "1"]
[WhiteTeam "Montpellier"]
[BlackTeam "Evry Grand Roque"]
[WhiteTeamCountry "FRA"]
[BlackTeamCountry "FRA"]

1. d4 d5 2. c4 e6 3. Nc3 Be7 4. cxd5 exd5 5. Bf4 c6 6. e3 Bf5 7. g4 Be6 8. h3 Nd7 9. Bd3 (9. Qb3 b5 10. Nf3 h6 11. Bd3 Ngf6 12. Qc2 Rc8 13. O-O b4 14. Ne2 c5 15. dxc5 Nxc5 16. Ned4 O-O 17. Rac1 Bd6 18. Ne5 Nxd3 19. Qxd3 Qb6 20. Qb5 Bc5 21. Qxb6 axb6 22. Nd3 Nd7 23. b3 Rfe8 24. Nb5 h5 25. f3 hxg4 26. hxg4 Red8 27. Kg2 f6 28. Rfd1 Bf7 29. Nxc5 Rxc5 30. Nd4 Ra8 31. Bd6 Rxa2+ 32. Kg3 Rb2 33. Ra1 Rc8 34. Bxb4 Nc5 35. Ba3 Rxb3 36. Bxc5 {1-0 (36) Svidler,P (2732)-Mamedyarov,S (2764) Baku 2014}) 9... Nb6 10. Nf3 Bd6 11. Bxd6 Qxd6 12. Qc2 Ne7 13. O-O-O O-O-O $146 (13... Nd7 14. Ng5 h6 15. Nxe6 Qxe6 16. Bf5 Qd6 17. Kb1 Nb6 18. f3 h5 19. Bd3 O-O-O 20. Qf2 Kb8 21. Bc2 Nec8 22. g5 Rhe8 23. e4 Qf4 24. Qh2 Qxh2 25. Rxh2 dxe4 26. fxe4 Re7 27. Rf2 Red7 28. Ne2 c5 29. dxc5 Rxd1+ 30. Bxd1 Rxd1+ 31. Kc2 Rd7 32. cxb6 Nxb6 33. Nf4 g6 34. b3 Re7 35. Kd3 Nd7 36. Kd4 Ne5 37. Nd5 Re8 38. b4 Nc6+ 39. Ke3 Ne5 40. b5 Re6 41. a4 a6 42. Rc2 axb5 43. axb5 {Johansson,L (2197)-Akesson,R (2421) Stockholm 2012 1-0}) ({RR} 13... Nd7 14. Ng5 h6 15. Nxe6 Qxe6 16. Bf5 Qd6 17. Kb1 Nb6 18. f3 h5 19. Bd3 O-O-O 20. Qf2 Kb8 21. Bc2 Nec8 22. g5 Rhe8 23. e4 Qf4 24. Qh2 Qxh2 25. Rxh2 dxe4 26. fxe4 Re7 27. Rf2 Red7 28. Ne2 {Johansson,L (2197)-Akesson,R (2421) Stockholm 2012 1-0 (59)}) 14. Nb5 Qd7 15. Ne5 Qe8 16. Qc5 Kb8 17. Nxa7 Nd7 $2 (17... Kxa7) 18. Naxc6+ $1 Nxc6 19. Qd6+ Ka8 20. Nxc6 bxc6 21. Qxc6+ Kb8 22. Qd6+ Kb7 23. Qa6+ Kb8 24. Qb5+ Kc7 25. Kb1 Rb8 26. Qa5+ Rb6 27. Rc1+ Kb7 28. Ba6+ Rxa6 29. Rc7+ Kb8 30. Qxa6 Kxc7 31. Rc1+ Nc5 32. Rxc5+ Kd8 33. Qd6+ Bd7 34. Rb5 Qe4+ 35. Kc1 1-0

[Event "Tata Steel-A 79th"]
[Site "Wijk aan Zee"]
[Date "2017.01.21"]
[Round "7"]
[White "Andreikin, Dmitry"]
[Black "Harikrishna, Pentala"]
[Result "1/2-1/2"]
[WhiteElo "2736"]
[BlackElo "2766"]
[Annotator "ChessBase II"]
[PlyCount "85"]
[EventDate "2017.01.14"]
[EventType "tourn"]
[EventRounds "13"]
[EventCountry "NED"]
[EventCategory "21"]
[SourceTitle "CBM 177"]
[Source "ChessBase"]
[SourceDate "2017.03.16"]
[SourceVersion "1"]
[SourceVersionDate "2017.03.16"]
[SourceQuality "1"]
[TimeControl "40/6000+30:20/3000+30:900+30"]

1. c3 {[%emt 0:00:00]} e5 {[%emt 0:03:34]} 2. d4 {[%emt 0:00:40]} exd4 {[%emt 0:00:09]} 3. cxd4 {[%emt 0:00:13]} d5 {[%emt 0:00:05]} 4. Nc3 {[%emt 0:00:32]} c6 {[%emt 0:00:06]} 5. Bf4 {[%emt 0:00:22]} Bd6 {[%emt 0:00:18]} 6. Bg3 {[%emt 0:00:35]} Ne7 {[%emt 0:01:11]} 7. e3 {[%emt 0:01:03]} Nf5 {[%emt 0:00:44]} (7... O-O 8. Nf3 Bg4 9. Qb3 Bxf3 10. gxf3 b5 11. a4 b4 12. Ne2 a5 13. Rc1 Na6 14. Bh3 c5 15. dxc5 Nxc5 16. Qd1 b3 17. O-O Rb8 18. Nc3 Bxg3 19. hxg3 Rb4 20. Nxd5 Nxd5 21. Rxc5 Nb6 22. Rxa5 Nxa4 23. Rd5 Qf6 24. Qd2 Rc4 25. Qd3 Rb4 26. Rb1 g6 27. e4 Nb6 28. Rb5 Rd4 29. e5 Rxd3 30. exf6 Nd5 31. Bf1 Rd2 32. Rxb3 Nxf6 33. Rd3 Rxd3 34. Bxd3 Rd8 35. Bf1 h5 36. b4 Rd6 37. b5 {Morozevich,A (2741)-Shirov,A (2713) Monte Carlo 2005 1-0}) 8. Bxd6 {[%emt 0:05:01]} Nxd6 {[%emt 0:00:58]} 9. Bd3 {[%emt 0:00:08]} Bf5 {[%emt 0:04:12]} 10. Bxf5 {[%emt 0:08:45]} Nxf5 {[%emt 0:00:08]} 11. Qg4 {[%emt 0:00:07]} g6 {[%emt 0:02:05]} 12. e4 $146 {[%emt 0:00:39]} (12. h4 h5 13. Qf4 Qd6 14. Nge2 Nd7 15. Qxd6 Nxd6 16. Nf4 Nf6 17. Nd3 Nfe4 18. Rc1 Nxc3 19. Rxc3 f6 20. O-O Kf7 21. Rfc1 Rhe8 22. Nc5 Re7 23. g3 Rc8 {½-½ (23) Gaertner,G (2250)-Matlak,M (2440) Prague 1992}) ({RR} 12. h4 h5 13. Qf4 Qd6 14. Nge2 Nd7 15. Qxd6 Nxd6 16. Nf4 Nf6 17. Nd3 Nfe4 18. Rc1 Nxc3 19. Rxc3 f6 20. O-O Kf7 21. Rfc1 Rhe8 22. Nc5 Re7 23. g3 Rc8 {½-½ (23) Gaertner,G (2250)-Matlak,M (2440) Prague 1992}) 12... dxe4 {[%emt 0:04:11]} 13. Qxe4+ {[%emt 0:00:07]} Ne7 {[%emt 0:03:25]} 14. h4 {[%emt 0:06:18]} O-O {[%emt 0:07:33]} 15. h5 {[%emt 0:01:21]} Nd5 {[%emt 0:03:50]} 16. Nge2 {[%emt 0:07:32]} Re8 {[%emt 0:03:41]} 17. Qf3 {[%emt 0:00:23]} Qf6 {[%emt 0:09:44]} 18. hxg6 {[%emt 0:03:00]} fxg6 {[%emt 0:02:47]} 19. Qh3 {[%emt 0:02:11]} Qf7 {[%emt 0:00:52]} 20. O-O-O {[%emt 0:34:32]} Nd7 {[%emt 0:02:35]} 21. Nxd5 {[%emt 0:00:08]} cxd5 {[%emt 0:00:26]} 22. Nc3 {[%emt 0:00:06]} Nb6 {[%emt 0:07:09]} 23. Rd3 {[%emt 0:04:23]} Re7 {[%emt 0:01:42]} 24. Rf3 {[%emt 0:03:51]} Qg7 {[%emt 0:04:32]} 25. Re3 {[%emt 0:00:57]} Rf8 {[%emt 0:03:38]} 26. Qh4 {[%emt 0:08:42]} Rxe3 {[%emt 0:07:35]} 27. fxe3 {[%emt 0:00:08]} Qd7 {[%emt 0:00:07]} 28. e4 {[%emt 0:07:53]} dxe4 {[%emt 0:00:26]} 29. Qxe4 {[%emt 0:00:03]} Re8 {[%emt 0:04:26]} 30. Qd3 {[%emt 0:03:25]} Nd5 {[%emt 0:06:44]} 31. Kb1 {[%emt 0:04:23]} Qe6 {[%emt 0:11:38]} 32. a3 {[%emt 0:01:18]} Nxc3+ {[%emt 0:03:10]} 33. Qxc3 {[%emt 0:00:04]} Qe4+ {[%emt 0:01:47]} 34. Ka2 {[%emt 0:00:10]} Qd5+ {[%emt 0:00:37]} 35. Ka1 {[%emt 0:00:32]} Qxg2 {[%emt 0:03:19]} 36. Qb3+ {[%emt 0:00:06]} Kh8 {[%emt 0:01:31]} 37. Rd1 {[%emt 0:00:19]} Qe2 {[%emt 0:03:26]} 38. d5 {[%emt 0:00:47]} Re3 {[%emt 0:00:36]} 39. Qa4 {[%emt 0:00:07]} Re4 {[%emt 0:00:51]} 40. Qb3 {[%emt 0:00:00]} Re3 {[%emt 0:00:39]} 41. Qa4 {[%emt 0:03:05]} Re4 {[%emt 0:00:08]} 42. Qb3 {[%emt 0:00:35]} Re3 {[%emt 0:00:26]} 43. Qa4 1/2-1/2

[Event "FIDE World Cup"]
[Site "Khanty-Mansiysk"]
[Date "2007.12.01"]
[Round "3.2"]
[White "Onischuk, Alexander"]
[Black "Shirov, Alexei"]
[Result "0-1"]
[WhiteElo "2674"]
[BlackElo "2739"]
[Annotator "ChessBase"]
[PlyCount "84"]
[EventDate "2007.11.24"]
[EventType "k.o."]
[EventRounds "7"]
[EventCountry "RUS"]
[SourceTitle "CBM 122"]
[Source "ChessBase"]
[SourceDate "2008.01.30"]
[SourceVersion "1"]
[SourceVersionDate "2008.01.30"]
[SourceQuality "1"]

1. d4 d5 2. c4 e6 3. Nc3 c6 4. Nf3 dxc4 {A clever choice by Shirov - the Noteboom Variation was never used by Alexey before. The good thing about this variation is that the resulting positions are very sharp and double-edged. Even with a good preparation it is difficult for White to achieve advantage here, but for Onischuk the choice of his opponent has certainly been an unpleasant surprise.} 5. e3 b5 6. a4 Bb4 7. Bd2 a5 8. axb5 Bxc3 9. Bxc3 cxb5 10. b3 Bb7 11. bxc4 b4 12. Bb2 Nf6 13. Bd3 O-O 14. O-O Nbd7 15. Re1 Ne4 16. Qc2 {Onischuk deviates from his own game. In spite of a quick win then, Black has possibilities to improve.} (16. Nd2 Nxd2 17. Qxd2 Qc7 18. c5 Rfb8 19. Rac1 Qc6 $2 ({After the correct} 19... a4 {it is rather White who should be worried about his position.}) 20. e4 a4 21. Qxb4 Ba6 22. d5 exd5 23. exd5 {and White won soon in Onischuk,A (2650)-Schneider,D (2486)/San Diego 2006}) 16... f5 17. c5 ({RR} 17. Red1 Qe7 18. c5 Bc6 19. Nd2 Nxd2 20. Qxd2 Qg5 21. Bf1 Rfb8 22. Qe2 a4 23. Bc1 Qf6 24. d5 Bxd5 25. Bb2 Qf7 26. Rxd5 exd5 27. c6 Nb6 28. Be5 Re8 29. Bd6 Qf6 30. Qb5 Qxa1 31. Qxb6 b3 {Cepon,D (2115)-Guid,T (1829) Ljubljana SLO 2024 0-1 (31)}) 17... Qc7 ({RR} 17... Bc6 18. Bc4 Re8 19. Bb3 Qc7 20. Red1 Kh8 21. Ne1 Nef6 22. Nd3 Bd5 23. Ba4 Nb8 24. f3 Nc6 25. Nf2 e5 26. dxe5 Nxe5 27. Bxe8 Rxe8 28. Qxf5 Bf7 29. Rd6 Bg6 30. Qf4 Nfd7 31. Rad1 Qxc5 32. Rxd7 {Van Wely,L (2677)-Alekseev,E (2711) Foros 2008 1-0 (36)}) 18. Bb5 Bd5 19. Qe2 $146 {Only this move is a novelty. The bad news for White is that Black's chances are at least not worse.} ({I played once this variation and remember that after} 19. Rec1 Ndf6 20. h3 {I wasn't very happy with White's position and offered a draw, which was accepted, 1/2-1/2 Rogozenko,D (2562)-Apicella,M (2509)/Bucharest2000}) ({RR} 19. Bxd7 Qxd7 20. Ne5 Qc7 21. f3 Nf6 22. e4 fxe4 23. fxe4 Bc6 24. Re3 a4 25. Qc4 Bxe4 26. Qxe6+ Kh8 27. Rae1 a3 28. Rxe4 Nxe4 29. Rxe4 Qd8 30. Ba1 Qf6 31. Qxf6 gxf6 32. Nc4 b3 33. Re1 Ra4 {Skomorokhin,R (2413)-Frolyanov,D (2564) Kazan 2009 0-1 (55)}) ({RR} 19. h3 Rfb8 20. Ba4 g5 21. Bxd7 Qxd7 22. Ne5 Qb5 23. f3 b3 24. Qc1 {1-0 (24) Van Wely,L (2622)-Esserman,M (2391) Ledyard 2009}) 19... Ndf6 20. h3 g5 $1 {Black builds a strong attack and there is little White can do about that.} 21. Ne5 g4 22. hxg4 (22. f3 gxf3 23. gxf3 Ng5 24. Kh1 Kh8 25. Rg1 Rg8 {also doesn't solve White's defensive problems.}) 22... fxg4 23. Nd3 (23. Nxg4 Qg7 24. f3 Nxg4 {is hopeless for White}) 23... Qg7 24. Nf4 Qh6 25. Rf1 g3 $1 26. Nh3 gxf2+ 27. Rxf2 (27. Nxf2 Ng3 {and mate on h1}) 27... Nxf2 28. Nxf2 Bxg2 $1 {As usual bad things never come alone} 29. Kxg2 Ra7 30. Rh1 Qg6+ 31. Kf1 Ng4 32. Be8 {Nice, but in vain. Black is completely winning.} Qb1+ 33. Kg2 Rxf2+ 34. Qxf2 Qxh1+ 35. Kxh1 Nxf2+ 36. Kg2 Nd1 37. Bc1 b3 38. e4 b2 39. Bxb2 Nxb2 40. Bb5 a4 41. d5 exd5 42. exd5 a3 {A very painful defeat for Alexander Onischuk, who found himself in a lost position without making visible mistakes. On the other hand the game is a deserved victory for Shirov, who demonstrated a subtle opening preparation.} 0-1

[Event "FIDE World Cup"]
[Site "Baku"]
[Date "2015.09.22"]
[Round "4.4"]
[White "Wojtaszek, Radoslaw"]
[Black "Giri, Anish"]
[Result "0-1"]
[WhiteElo "2741"]
[BlackElo "2793"]
[Annotator "Sagar,Shah"]
[PlyCount "82"]
[EventDate "2015.09.11"]
[EventType "k.o."]
[EventRounds "7"]
[EventCountry "AZE"]
[SourceTitle "CBM 169"]
[Source "ChessBase"]
[SourceDate "2015.11.10"]
[SourceVersion "1"]
[SourceVersionDate "2015.11.10"]
[SourceQuality "1"]

1. d4 d5 2. c4 c6 3. Nc3 Nf6 4. e3 e6 5. b3 Bb4 6. Bb2 Ne4 7. Nge2 Qf6 8. f3 Bxc3+ 9. Bxc3 Nxc3 10. Nxc3 O-O 11. f4 c5 12. cxd5 cxd4 13. Qxd4 Qxd4 14. exd4 exd5 15. Nxd5 Nc6 16. Nc7 Rb8 17. d5 Ne7 18. O-O-O Rd8 19. Bc4 Kf8 20. Rhe1 Bg4 21. Rd2 Rbc8 22. h3 Bd7 {Diagram  White is a pawn up and has a clearly dominating position. The most natural move 23.d6 can be met with 23...Nf5 which Wojtaszek did not like. Hence he stopped 23...Nf5 with 23.g4 intending to meet 23...Rxc7 with 24.d6. But he had missed something really huge!} 23. g4 $2 (23. Kb2 $1 {was a simple move which was sufficient for a very tangible advantage. The main reason is that after 23...Rxc7 24.d6 Rxc4 is not a check!} Nf5 24. Nb5 Bxb5 25. Bxb5 Nd6 26. Bd3 $16 {I think it is extremely difficult for Black to defend this. White will open a second front on the kingside and will sooner or later breakthrough.}) 23... Rxc7 $1 24. d6 {What had Radoslaw missed?} Rxc4+ $1 $17 {From a better position Black slid into a worse game and soon lost.} 25. bxc4 Nc6 26. c5 g6 $146 ({RR} 26... b6 27. cxb6 axb6 28. Kb1 Na5 29. Rc1 f5 30. gxf5 Bxf5+ 31. Kb2 Bxh3 32. Rc7 Rd7 33. Rxd7 Bxd7 34. Kc3 Nb7 35. Kc4 Kf7 36. Kd5 Nd8 37. Re2 Kf6 38. Re7 Be6+ 39. Ke4 Nf7 40. Ra7 Nxd6+ 41. Ke3 {Saga,V (2024)-Motycakova,M (2168) Slovakia 2016 0-1 (56)}) 27. Rb2 Bc8 28. Re4 Kg7 29. Kd2 h5 30. Kc3 hxg4 31. hxg4 Rh8 32. Re3 Rh1 33. Rd3 Nb8 34. g5 Rc1+ 35. Kd4 Nd7 36. Rb5 a6 37. Ra5 Nb8 38. Ke3 Bd7 39. Rb3 Bc6 40. Kd4 Nd7 41. Rc3 Rf1 0-1